00564nam a2200193Ia 450000500170000000800410001708200130005824500370007125000090010826000460011730000160016365000100017965000080018970000330019770000240023094200060025495200950026099900150035520240605015656.0240331s9999 xx 000 0 und d bFOOa340 0aFood, famine and the legal order a1 st aColombobLake House Investments Ltdc1982 av, 207 p ., aLegal aLaw aMarasinghe, M. Lakshmaneedt aMenezes, Julioeedt cL 001040708LaWERCLbWERCLcSSCd2024-03-31l0o 340 FOOp1014r2024-03-31w2024-03-31yL c2803d2803